000 00931nam a2200253 a 4500
999 _c11602
_d11602
001 11602
003 BD-JhCC
005 20200705110457.0
008 200705b2020 bg a|||| ||a| 000 0 ben d
020 _a9789845982719
035 _a(BD-JhCC)11602
040 _aBD-JhCC
_dBD-JhCC
041 _aben
082 _a954.9205
_bJOY 2020
245 _aজয় বাংলা:
_bশেখ মজিবুর রহমান /
_cভূমিকা: শেখ হাসিনা, সম্পা: নুরুল ইসলাম নাহিদ, পিয়াস মজিদ ।
260 _aঢাকা:
_bচারুলিপি;
_c২০২০.
300 _a143p. :
_bill;
_c18 cm.
650 _aHistory of War
_zBangladesh
700 _aহাসিনা, শেখ
700 _aনাহিদ, নুরুল ইসলাম
700 _aমজিদ, পিয়াস
942 _2ddc
_cBK